Normal view
MARC view
- Ray, William
Entry Personal Name
001 - CONTROL NUMBER
- control field: 7225
003 - CONTROL NUMBER IDENTIFIER
- control field: OSt
005 - DATE AND TIME OF LATEST TRANSACTION
- control field: 20250222114605.0
008 - FIXED-LENGTH DATA ELEMENTS
- fixed length control field: 250222|| aca||aabn | a|a d
040 ## - CATALOGING SOURCE
- Original cataloging agency: OSt
- Transcribing agency: OSt
100 ## - HEADING--PERSONAL NAME
- Personal name: Ray, William
670 ## - SOURCE DATA FOUND
- Source citation: Work cat.: (OSt)300: Ray, William ., 10 Minute guide to unix , 1999.
